[Event "Moscow Open 2009"]
[Site "?"]
[Date "2009.02.07"]
[Round "8.27"]
[White "Lelekova, Olga"]
[Black "Baraeva, Irina"]
[Result "1-0"]
[WhiteElo "2222"]
[BlackElo "1997"]
[Annotator ""]
[Source ""]
[Remark ""]

1.e4 d5 2.exd5 Qxd5 3.Nc3 Qa5 4.d4 c6 5.Bc4 Bf5 6.Nf3 e6 7.O-O
Nf6 8.Re1 Bd6 9.d5 cxd5 10.Nxd5 Nxd5 11.Bxd5 Qc7 12.Bxb7 Bxh2+
13.Nxh2 Qxb7 14.Qd6 Qc6 15.Qa3 Nd7 16.Be3 f6 17.Rad1 Kf7 18.Rd6
Qc7 19.g4 Bg6 20.Red1 Rhd8 21.c4 Kg8 22.c5 Ne5 23.Qb3 Bf7 24.Bf4
Rxd6 25.cxd6 Qa5 26.Bxe5 fxe5 27.Qb7 Rd8 28.d7 Kf8 29.Qc6 h6
30.Nf3 Ke7 31.Qd6+ Kf6 32.b4 Qb6 33.Qxe5+ Ke7 34.Qxg7 Qxb4 35.Ne5 1-0

[Event "Moscow Open 2009"]
[Site "?"]
[Date "2009.02.07"]
[Round "8.28"]
[White "Koroteeva, Ksenia"]
[Black "Bogumil, Tatiana"]
[Result "1/2-1/2"]
[WhiteElo "1951"]
[BlackElo "2218"]
[Annotator ""]
[Source ""]
[Remark ""]

1.e4 e5 2.Nf3 Nc6 3.d4 exd4 4.Nxd4 d6 5.Nc3 Nf6 6.Be2 Bd7 7.Be3
Be7 8.O-O O-O 9.f4 Re8 10.Bf3 Bf8 11.Re1 a6 12.a4 Rb8 13.h3 Na5
14.Bf2 c5 15.Nde2 Bc6 16.Ng3 Qc7 17.Nf1 b5 18.axb5 axb5 19.Bh4
Nc4 20.b3 Nb6 21.Bxf6 gxf6 22.Ne3 d5 23.Nexd5 Bxd5 24.Nxd5 Nxd5
25.Qxd5 Qxf4 26.Ra7 Re7 27.Rxe7 Bxe7 28.Bh5 Rf8 29.Rf1 Qe5 30.Rf5
Qxd5 31.Rxd5 1/2-1/2

[Event "Moscow Open 2009"]
[Site "?"]
[Date "2009.02.07"]
[Round "8.29"]
[White "Abylkassymova, Raushan"]
[Black "Bezgodova, Svetlana"]
[Result "1-0"]
[WhiteElo "1892"]
[BlackElo "2214"]
[Annotator ""]
[Source ""]
[Remark ""]

1.d4 Nf6 2.Nf3 c6 3.g3 d6 4.Bg2 Nbd7 5.c4 e5 6.O-O Be7 7.b3 O-O
8.Bb2 e4 9.Nfd2 d5 10.Nc3 Re8 11.e3 Nf8 12.a3 Be6 13.b4 Qd7 14.Bh1
Bh3 15.Re1 Qf5 16.f3 exf3 17.Bxf3 Rad8 18.cxd5 cxd5 19.Nxd5 Nxd5
20.e4 Qg6 21.exd5 Nd7 22.Be4 f5 23.Bf3 Nb6 24.Bh5 Qh6 25.Bxe8
Rxe8 26.Re6 Qg5 27.d6 f4 28.Rxe7 Rf8 29.d5 f3 30.Nxf3 1-0

[Event "Moscow Open 2009"]
[Site "?"]
[Date "2009.02.07"]
[Round "8.30"]
[White "Kineva, Ekaterina"]
[Black "Styazhkina, Anna"]
[Result "1-0"]
[WhiteElo "2168"]
[BlackElo "1926"]
[Annotator ""]
[Source ""]
[Remark ""]

1.e4 e5 2.Nf3 Nc6 3.Bc4 Nf6 4.d3 Bc5 5.c3 a6 6.Bb3 Ba7 7.O-O
d6 8.Be3 O-O 9.Bxa7 Rxa7 10.Nbd2 h6 11.Nc4 Ra8 12.Re1 Re8 13.Ne3
Be6 14.Bc2 d5 15.Nh4 d4 16.Nef5 Bxf5 17.Nxf5 Ne7 18.Ng3 Ng6 19.cxd4
Qxd4 20.Nf5 Qd7 21.d4 exd4 22.Qxd4 Qxd4 23.Nxd4 Rad8 24.Nb3 b6
25.f3 Ne5 26.Rac1 c5 27.f4 Nc6 28.e5 Nd5 29.Be4 Ndb4 30.a3 Nd5
31.g3 Nde7 32.Red1 Rxd1+ 33.Rxd1 Rd8 34.Rd6 Kf8 35.Nd2 Rc8 36.Nc4
b5 37.Nb6 Rc7 38.Rd7 Rxd7 39.Nxd7+ Ke8 40.Nxc5 a5 41.Kf2 b4 42.a4
Kd8 43.Ke3 Kc7 44.Nb3 Kb6 45.Nd4 Nd8 46.g4 Nb7 47.Bxb7 Kxb7 48.Nf5
Nd5+ 49.Ke4 Nb6 50.b3 Nd7 51.Kd5 Kc7 52.Nxg7 Nb6+ 53.Kd4 Kd7
54.Nf5 1-0

[Event "Moscow Open 2009"]
[Site "?"]
[Date "2009.02.07"]
[Round "8.31"]
[White "Della-Rossa, Anastasia"]
[Black "Fakhretdinova, Margarita"]
[Result "1/2-1/2"]
[WhiteElo "1868"]
[BlackElo "2167"]
[Annotator ""]
[Source ""]
[Remark ""]

1.e4 d6 2.d4 Nf6 3.Bd3 e5 4.c3 Be7 5.Ne2 O-O 6.f3 c5 7.Be3 a6
8.a4 cxd4 9.cxd4 Nc6 10.Nd2 Bd7 11.O-O Nb4 12.Nc4 Nxd3 13.Qxd3
b5 14.axb5 Bxb5 15.Nc3 Nd7 16.Nxb5 axb5 17.Na3 exd4 18.Bxd4 Nc5
19.Qc3 Qb8 20.b4 Ne6 21.Be3 Bf6 22.Qd3 Bxa1 23.Rxa1 Rc8 24.Rd1
Ra4 25.Nxb5 Rxb4 26.Na7 Rb3 27.Qa6 Rc2 28.Nc6 Rxc6 29.Qxc6 Rxe3
30.Kf2 Ra3 31.Rxd6 Ra2+ 32.Kg3 h5 33.e5 Qb2 34.Rxe6 Qxg2+ 35.Kf4
fxe6 36.Qe8+ Kh7 37.Qxh5+ 1/2-1/2

[Event "Moscow Open 2009"]
[Site "?"]
[Date "2009.02.07"]
[Round "8.32"]
[White "Kostrikina, Anna"]
[Black "Sysoykina, Lidia"]
[Result "0-1"]
[WhiteElo "2157"]
[BlackElo "1924"]
[Annotator ""]
[Source ""]
[Remark ""]

1.e4 e5 2.Nc3 Nf6 3.Bc4 Be7 4.d3 Nc6 5.f4 exf4 6.Bxf4 d6 7.Nf3
O-O 8.Qd2 Be6 9.Bb3 a5 10.O-O Bxb3 11.axb3 Nh5 12.Be3 Qd7 13.Nd5
Bd8 14.Nd4 Nf6 15.Nf5 Nxd5 16.exd5 Ne5 17.Rxa5 Bf6 18.Rxa8 Rxa8
19.Bg5 Bxg5 20.Qxg5 f6 21.Qg3 Kh8 22.h4 g6 23.Ne3 f5 24.d4 Nf7
25.h5 Rg8 26.hxg6 hxg6 27.Kf2 Nh6 28.Qg5 Kg7 29.Kg1 Rf8 30.Rf3
Rh8 31.c4 Re8 32.Kf2 Re4 33.Rf4 Re8 34.Qg3 Qe7 35.Qf3 Ng4+ 36.Rxg4
fxg4 37.Qg3 Qe4 38.c5 Qxd4 39.cxd6 cxd6 40.Ke2 Qxb2+ 41.Kd3 Qxb3+
42.Kd4 Qb4+ 43.Kd3 Rxe3+ 44.Qxe3 Qb3+ 45.Kd4 Qxe3+ 46.Kxe3 Kf6
47.Kd4 b5 48.g3 Kf5 0-1

[Event "Moscow Open 2009"]
[Site "?"]
[Date "2009.02.07"]
[Round "8.34"]
[White "Matveeva, Olga"]
[Black "Maksimova, Alisa"]
[Result "1/2-1/2"]
[WhiteElo "2219"]
[BlackElo "1895"]
[Annotator ""]
[Source ""]
[Remark ""]

1.c4 e5 2.g3 Nf6 3.Bg2 d5 4.cxd5 Nxd5 5.Nc3 Be6 6.Nf3 Nc6 7.O-O
f6 8.d4 exd4 9.Nxd4 Nxd4 10.Qxd4 c6 11.Nxd5 Bxd5 12.Bxd5 Qxd5
13.Qxd5 cxd5 14.Rd1 Rd8 15.Be3 b6 16.Rac1 Rd7 17.Rd3 Kf7 18.Rcd1
Ke6 19.f4 Bc5 20.Kf2 Rhd8 21.Bd4 Rc8 22.Kf3 Bxd4 23.Rxd4 f5 24.Ke3
Rc2 25.R1d2 Rxd2 26.Rxd2 Rc7 27.Kd3 Rc1 28.e3 Kd6 1/2-1/2

[Event "Moscow Open 2009"]
[Site "?"]
[Date "2009.02.07"]
[Round "8.35"]
[White "Fastova, Tatiana"]
[Black "Solovjova, Valentina"]
[Result "1/2-1/2"]
[WhiteElo "2005"]
[BlackElo "2324"]
[Annotator ""]
[Source ""]
[Remark ""]

1.e4 c6 2.d4 d5 3.Nc3 dxe4 4.Nxe4 Bf5 5.Ng3 Bg6 6.h4 h6 7.Nf3
Nd7 8.h5 Bh7 9.Bd3 Bxd3 10.Qxd3 Ngf6 11.Bf4 Qa5+ 12.Bd2 Qc7 13.O-O-O
e6 14.Ne4 O-O-O 15.g3 Nxe4 16.Qxe4 Nf6 17.Qe2 Rd5 18.c4 Rxh5
19.Rhe1 c5 20.Bc3 Bd6 21.Ne5 Rh2 22.Nf3 Rh5 23.dxc5 Bxc5 24.b4
Bd6 25.Nd4 Re5 26.Qd3 Rxe1 27.Bxe1 Rd8 28.Qe2 Be7 29.Kb1 a6 30.Bc3
Qb6 31.a3 Bc5 32.Qe5 Bxd4 33.Bxd4 Qd6 34.Qxd6 Rxd6 35.Kc2 Ne8
36.Rd3 h5 37.Kc3 f6 38.Re3 Kd7 39.f4 Nc7 40.Re1 Rc6 41.Kb3 Ke7
42.Rh1 g6 43.g4 Kf7 44.gxh5 gxh5 45.Rxh5 Kg6 46.Rh8 b5 47.cxb5
Nxb5 48.Bc5 Kf5 49.Rf8 Nd6 50.Bd4 Ne4 51.a4 Kxf4 52.Bxf6 Nd2+
53.Kb2 Ke4 54.Rd8 Nc4+ 55.Kb3 e5 56.Be7 Nb6 57.b5 axb5 58.axb5
Rc1 59.Rb8 Rb1+ 60.Ka2 Rxb5 61.Bd8 Ra5+ 62.Kb3 Rb5+ 63.Ka2 Nd5
64.Rxb5 Nc3+ 65.Kb3 Nxb5 66.Bf6 1/2-1/2

[Event "Moscow Open 2009"]
[Site "?"]
[Date "2009.02.07"]
[Round "8.36"]
[White "Chasovnikova, Eugenia"]
[Black "Samigullina, Diana"]
[Result "0-1"]
[WhiteElo "2302"]
[BlackElo "2083"]
[Annotator ""]
[Source ""]
[Remark ""]

1.d4 d5 2.c4 Nc6 3.Nc3 dxc4 4.d5 Ne5 5.Bf4 Ng6 6.Bg3 e5 7.e4
Bd6 8.Bxc4 a6 9.h4 h5 10.Be2 Nf6 11.Nh3 Bg4 12.Ng5 Qe7 13.Bxg4
hxg4 14.Qa4+ Nd7 15.O-O-O O-O-O 16.Kb1 Nc5 17.Qc4 f6 18.Ne6 Nxe6
19.dxe6 Nf8 20.Nd5 Qxe6 21.Rd3 c6 22.Rb3 Bc7 23.Rc1 Rd7 24.Qc5
cxd5 25.Qa7 Kd8 26.Rxb7 Qd6 27.f4 gxf3 28.Be1 Bb6 29.Qxa6 dxe4
30.Bb4 Qxb4 31.Rxb6 Qd2 32.Qc8+ Ke7 33.Rb8 Ng6 34.Qc5+ Qd6 35.Qxd6+
Rxd6 36.Rxh8 Nxh8 37.gxf3 exf3 38.a4 e4 39.b4 f2 40.b5 e3 0-1

[Event "Moscow Open 2009"]
[Site "?"]
[Date "2009.02.07"]
[Round "8.37"]
[White "Airapetian, Tatevik"]
[Black "Grigoryeva, Olga A"]
[Result "1/2-1/2"]
[WhiteElo "2145"]
[BlackElo "2015"]
[Annotator ""]
[Source ""]
[Remark ""]

1.e4 d5 2.exd5 Qxd5 3.Nc3 Qa5 4.d4 c6 5.Nf3 Nf6 6.Bc4 Bg4 7.h3
Bh5 8.g4 Bg6 9.Ne5 e6 10.h4 Nbd7 11.Nxd7 Nxd7 12.h5 Be4 13.Rh3
Bd5 14.Qe2 Bxc4 15.Qxc4 Nb6 16.Qe2 O-O-O 17.Qe4 Nd5 18.Bd2 Nxc3
19.Bxc3 Qd5 20.Qxd5 exd5 21.O-O-O Be7 22.Bd2 h6 23.Rf3 f6 24.Re1
Bd6 25.Rfe3 Kd7 26.Kd1 Rde8 27.Rxe8 Rxe8 28.Rxe8 Kxe8 29.Ke2
Kf7 30.a4 f5 31.Kf3 Kf6 32.b3 Bc7 33.Bb4 fxg4+ 34.Kxg4 a5 35.Bd2
b5 36.f3 Ke6 37.f4 Kf6 38.f5 Kf7 39.Be1 Kf6 40.Bh4+ Kf7 1/2-1/2

[Event "Moscow Open 2009"]
[Site "?"]
[Date "2009.02.07"]
[Round "8.38"]
[White "Khobotova, Olesia"]
[Black "Kharmunova, Nadejda"]
[Result "0-1"]
[WhiteElo "1971"]
[BlackElo "2140"]
[Annotator ""]
[Source ""]
[Remark ""]

1.e4 c5 2.Nc3 Nc6 3.g3 g6 4.Bg2 Bg7 5.d3 e6 6.Nge2 Nge7 7.O-O
O-O 8.Be3 Nd4 9.Qd2 a6 10.Nd1 Nxe2+ 11.Qxe2 b6 12.Qd2 d5 13.Bh6
dxe4 14.Bxg7 Kxg7 15.Bxe4 Rb8 16.Ne3 Bb7 17.Rad1 f5 18.Bxb7 Rxb7
19.f4 Nc6 20.Rde1 b5 21.Nd1 Qd4+ 22.Qe3 Kf6 23.Rf2 Qxe3 24.Rxe3
Nd4 25.Kf1 Rd8 26.Ke1 Rbd7 27.Kd2 c4 28.Rf1 Rd6 29.c3 Nc6 30.d4
b4 31.Rfe1 a5 32.R3e2 a4 33.Ne3 Na5 34.Nc2 b3 35.Nb4 bxa2 36.Nxa2
Rb8 37.Kc2 a3 38.bxa3 Rb3 39.Nb4 Rxa3 40.Re5 Nb3 41.Kb2 Ra4 42.Rb5
g5 43.Rb8 Ra7 44.Re8 gxf4 45.gxf4 Rg7 46.Re2 Rg4 47.Rf2 Rb6 48.d5
Nc5 49.Kc2 Ne4 50.Re2 Rd6 51.dxe6 Rxf4 52.e7 Rf3 53.Na2 Ra6 54.Kb2
Rxa2+ 55.Kxa2 Nxc3+ 56.Kb2 Nxe2 57.Rc8 Kxe7 58.Rxc4 Kf6 59.Kc2
Nf4 60.h4 Ne6 61.Kd2 Rh3 62.Ke2 f4 0-1

[Event "Moscow Open 2009"]
[Site "?"]
[Date "2009.02.07"]
[Round "8.39"]
[White "Tereshechkina, Maya"]
[Black "Karpova, Lyudmila"]
[Result "1-0"]
[WhiteElo "1912"]
[BlackElo "2131"]
[Annotator ""]
[Source ""]
[Remark ""]

1.c4 e5 2.Nc3 d6 3.d4 Nd7 4.Nf3 c6 5.g3 g6 6.Bg2 Bg7 7.dxe5 dxe5
8.Ne4 Nb6 9.Nd6+ Ke7 10.c5 Be6 11.O-O Nc4 12.Nxb7 Qxd1 13.Rxd1
f5 14.b3 e4 15.Nd4 Ne5 16.Bb2 Bd5 17.f4 exf3 18.exf3 Nh6 19.f4
Nf3+ 20.Bxf3 Bxf3 21.Nxf3 Bxb2 22.Re1+ Kf7 23.Rad1 Rhf8 24.Ne5+
Bxe5 25.Rxe5 Ng4 26.Rd7+ Kf6 27.Ree7 Rae8 28.Rxe8 Rxe8 29.h3
Ne3 30.Rd6+ Re6 31.Nd8 Rxd6 32.cxd6 c5 33.Kf2 Nd1+ 34.Kf3 Nc3
35.g4 Nxa2 36.g5+ 1-0

[Event "Moscow Open 2009"]
[Site "?"]
[Date "2009.02.07"]
[Round "8.40"]
[White "Chernyshova, Natalia"]
[Black "Larina, Marija"]
[Result "1-0"]
[WhiteElo "1951"]
[BlackElo "2109"]
[Annotator ""]
[Source ""]
[Remark ""]

1.d4 d5 2.Bf4 Nf6 3.Nf3 Bf5 4.e3 e6 5.Be2 h6 6.Nbd2 Nc6 7.a3
g5 8.Bg3 Nh5 9.Be5 Nf6 10.Bb5 a6 11.Bxc6+ bxc6 12.c4 Bg7 13.Qa4
Qd7 14.Rc1 Ra7 15.h3 O-O 16.O-O Rb8 17.b4 Qe8 18.cxd5 cxd5 19.Qxe8+
Nxe8 20.Bxg7 Kxg7 21.Ne5 Rb6 22.Rc5 Ra8 23.Rfc1 f6 24.Nc6 Bd3
25.Na5 Kf7 26.Nab3 Bb5 27.f3 Ke7 28.Kf2 Kd6 29.R5c3 h5 30.h4
Ra7 31.Rh1 Ng7 32.g4 gxh4 33.gxh5 Rb8 34.Rxh4 Rh8 35.Rc1 c6 36.Rch1
Nf5 37.R4h2 Rah7 38.Nc5 e5 39.dxe5+ fxe5 40.a4 Bc4 41.Nxc4+ dxc4
42.Nxa6 Ng7 43.Ke2 Rxh5 44.Rxh5 Rxh5 45.Rxh5 Nxh5 46.Nc5 Nf6
47.Ne4+ Nxe4 48.fxe4 c5 49.b5 c3 50.Kd3 c4+ 51.Kxc3 Kc5 52.b6
Kxb6 53.Kxc4 1-0

[Event "Moscow Open 2009"]
[Site "?"]
[Date "2009.02.07"]
[Round "8.41"]
[White "Uljianova, Nadezhda"]
[Black "Kazennova, Daria"]
[Result "1-0"]
[WhiteElo "2106"]
[BlackElo "1964"]
[Annotator ""]
[Source ""]
[Remark ""]

1.d4 Nf6 2.c4 c5 3.d5 b5 4.cxb5 a6 5.b6 Qxb6 6.Nc3 Bb7 7.e4 d6
8.Nf3 g6 9.Be2 Bg7 10.O-O O-O 11.Qc2 Nbd7 12.Nd2 Qc7 13.Nc4 e6
14.Bf4 Ne8 15.dxe6 fxe6 16.Bg3 Nb6 17.Qb3 Nc8 18.Bg4 Rb8 19.Bxe6+
Kh8 20.Qc2 Qe7 21.Bd5 Bxd5 22.Nxd5 Qe6 23.Rad1 Na7 24.Rfe1 Nb5
25.Nf4 Qe7 26.e5 Nd4 27.Qd3 Bxe5 28.Nxe5 dxe5 29.Nxg6+ hxg6 30.Bxe5+
Kh7 31.Qh3+ Kg8 32.Qh8+ Kf7 33.Qh7+ 1-0

[Event "Moscow Open 2009"]
[Site "?"]
[Date "2009.02.07"]
[Round "8.42"]
[White "Bezgodova, Maria"]
[Black "Severina, Maria"]
[Result "1/2-1/2"]
[WhiteElo "2101"]
[BlackElo "1940"]
[Annotator ""]
[Source ""]
[Remark ""]

1.e4 e5 2.Nf3 Nc6 3.Nc3 Nf6 4.d4 exd4 5.Nxd4 Bb4 6.Nxc6 bxc6
7.Bd3 O-O 8.O-O d5 9.exd5 cxd5 10.Bg5 c6 11.Na4 h6 12.Bh4 Be6
13.c3 Be7 14.Bc2 Qc7 15.Qd3 Ne4 16.Bg3 Bd6 17.Bxd6 Qxd6 18.Rae1
Bf5 19.Qd4 Qg6 20.f3 Nd6 21.Bxf5 Nxf5 22.Qf2 Rfe8 23.Nc5 Qg5
24.Re2 Rxe2 25.Qxe2 Qe7 26.Qxe7 Nxe7 27.Re1 Kf8 28.Kf2 Rc8 29.Ke3
Nf5+ 30.Kd3 Rc7 31.g3 Re7 32.Rxe7 Kxe7 33.Nb7 Kd7 34.a4 Kc7 35.Nc5
Kd6 36.Nb7+ Kc7 37.Nc5 1/2-1/2

[Event "Moscow Open 2009"]
[Site "?"]
[Date "2009.02.07"]
[Round "8.43"]
[White "Akataeva, Dana"]
[Black "Semenova, Anastasia"]
[Result "1-0"]
[WhiteElo "2283"]
[BlackElo "1840"]
[Annotator ""]
[Source ""]
[Remark ""]

1.e4 e5 2.Nf3 Nf6 3.Nxe5 d6 4.Nf3 Nxe4 5.Nc3 Nxc3 6.dxc3 Bg4
7.Bf4 Nd7 8.h3 Bh5 9.Qd2 Qe7+ 10.Be2 Bxf3 11.gxf3 Ne5 12.O-O-O
O-O-O 13.Bg5 f6 14.Be3 Kb8 15.Qd5 Qd7 16.Qa5 Nc6 17.Qa4 d5 18.Bc4
d4 19.cxd4 Ne7 20.Bb5 c6 21.d5 Nxd5 22.Qxa7+ Kc8 23.Bb6 Bd6 24.Bxd8
Rxd8 25.Kb1 Qf5 26.Bc4 Nb4 27.Bb3 c5 28.Qa8+ Kc7 29.Qa5+ b6 30.Qa7+
Kc6 31.Ba4+ b5 32.a3 Qxf3 33.axb4 bxa4 34.Qxa4+ Kc7 35.Qa5+ Kc8
36.bxc5 Bc7 37.Qa6+ 1-0

[Event "Moscow Open 2009"]
[Site "?"]
[Date "2009.02.07"]
[Round "8.44"]
[White "Fatalibekova, Elena"]
[Black "Khabalonova, Tamara"]
[Result "1-0"]
[WhiteElo "2243"]
[BlackElo "1943"]
[Annotator ""]
[Source ""]
[Remark ""]

1.d4 Nf6 2.c4 c5 3.Nf3 Nc6 4.d5 Nb4 5.Nc3 d6 6.e4 g6 7.Be2 Bg7
8.h3 O-O 9.O-O Bd7 10.Bf4 Nh5 11.Be3 Na6 12.Nd2 Nf6 13.f4 e6
14.e5 Ne8 15.Nf3 exd5 16.cxd5 Qc7 17.Qd2 dxe5 18.fxe5 Bxe5 19.Nxe5
Qxe5 20.Bxa6 bxa6 21.Bxc5 Nd6 22.Rae1 Nc4 23.Qc1 Qg3 24.Ne4 Qc7
25.Nf6+ Kg7 26.Bd4 1-0

[Event "Moscow Open 2009"]
[Site "?"]
[Date "2009.02.07"]
[Round "8.45"]
[White "Kushka, Alena"]
[Black "Nagornaya, Polina"]
[Result "1-0"]
[WhiteElo "2124"]
[BlackElo "1907"]
[Annotator ""]
[Source ""]
[Remark ""]

1.d4 Nf6 2.c4 e6 3.Nc3 Bb4 4.f3 d5 5.a3 Bxc3+ 6.bxc3 O-O 7.cxd5
exd5 8.e3 Re8 9.Bd3 b6 10.Ne2 c5 11.O-O c4 12.Bb1 Bb7 13.Ng3
Re7 14.Ra2 h5 15.Re2 g6 16.Nh1 Bc8 17.Nf2 Be6 18.e4 Nh7 19.e5
Qd7 20.f4 Nc6 21.f5 Bxf5 22.Bxf5 Qxf5 23.Ne4 Qd7 24.Ng5 Nd8 25.Ref2
Qg4 26.Nxh7 Kxh7 27.Qd2 Kg8 28.Rf6 Ne6 29.Qf2 Rf8 30.h3 Qe4 31.Bh6
Ng7 32.Re1 Qd3 33.Rf3 1-0

[Event "Moscow Open 2009"]
[Site "?"]
[Date "2009.02.07"]
[Round "8.46"]
[White "Frolova, Ekaterina"]
[Black "Kalmykova, Anastasia"]
[Result "0-1"]
[WhiteElo "1948"]
[BlackElo "2100"]
[Annotator ""]
[Source ""]
[Remark ""]

1.e4 e6 2.d4 b6 3.Nc3 Bb7 4.Bd3 Bb4 5.Nf3 c5 6.O-O cxd4 7.Nxd4
Nc6 8.Nxc6 Bxc6 9.Bd2 Ne7 10.Qg4 Ng6 11.f4 Bc5+ 12.Kh1 Qh4 13.Qe2
O-O 14.Be1 Qe7 15.Qh5 Be3 16.Bg3 Qc5 17.f5 Ne5 18.fxe6 Nxd3 19.exf7+
Kh8 20.Qxc5 Nxc5 21.Bd6 Bd4 22.Bxf8 Rxf8 23.Rae1 g6 24.e5 Kg7
25.Nd1 Ne6 26.c3 Bc5 27.b4 Be7 28.Nb2 Rxf7 29.Rxf7+ Kxf7 30.a4
Bg5 31.a5 bxa5 32.bxa5 Nf4 33.Nc4 Bxg2+ 34.Kg1 Bd5 35.Nd6+ Ke6
36.Ne4 Be7 37.Nd6 Nd3 38.Rb1 Nxe5 39.Nc8 Bc5+ 40.Kf1 Bc4+ 41.Kg2
Ba6 42.Nb6 axb6 43.axb6 Bb7+ 44.Kg3 Nc4 45.Re1+ Kd6 46.Rf1 Bxb6
47.Rf7 Ke6 48.Rxh7 Ne5 49.Rh8 Bc6 50.h4 Ba5 51.h5 gxh5 0-1

[Event "Moscow Open 2009"]
[Site "?"]
[Date "2009.02.07"]
[Round "8.47"]
[White "Sukhareva, Valentina"]
[Black "Lezhepekova, Veronika"]
[Result "1-0"]
[WhiteElo "2078"]
[BlackElo "1917"]
[Annotator ""]
[Source ""]
[Remark ""]

1.f4 d5 2.Nf3 c5 3.b3 Nc6 4.Bb2 Nf6 5.e3 e6 6.Bb5 Bd7 7.O-O Be7
8.d3 b6 9.Nbd2 a6 10.Bxc6 Bxc6 11.Ne5 Bb7 12.Qf3 O-O 13.c4 Ne8
14.Rad1 Qc7 15.e4 f6 16.Ng4 dxe4 17.dxe4 f5 18.Ne5 Nf6 19.Qh3
Nd7 20.Qg3 Bf6 21.Nxd7 Qxd7 22.e5 Be7 23.Ne4 Qc6 24.Nd6 Rad8
25.Rd3 Ba8 26.Rf2 Rd7 27.Rfd2 Ra7 28.Qf2 Rd8 29.Qg3 Rf8 30.Qh3
Rd8 31.Qh5 Bf8 32.Rh3 g6 33.Rg3 Rg7 34.Qe2 Rgd7 35.Rgd3 Bh6 36.Qe3
Bf8 37.h4 h5 38.Qg3 Kh7 39.Qe1 Bh6 40.Qe3 Bg7 41.a3 a5 42.Kf1
Bf8 43.Ke1 Bxd6 44.Rxd6 Rxd6 45.exd6 Qe4 46.Qxe4 Bxe4 47.d7 a4
48.Bf6 1-0

[Event "Moscow Open 2009"]
[Site "?"]
[Date "2009.02.07"]
[Round "8.48"]
[White "Yakupova, Aysyla"]
[Black "Forova, Tatiana"]
[Result "1-0"]
[WhiteElo "2076"]
[BlackElo "1888"]
[Annotator ""]
[Source ""]
[Remark ""]

1.e4 e5 2.Nf3 Nf6 3.Nxe5 d6 4.Nf3 Nxe4 5.Nc3 Nxc3 6.dxc3 Be7
7.Bf4 Nd7 8.Qd2 Nc5 9.O-O-O Be6 10.Kb1 Qd7 11.Nd4 O-O-O 12.Nxe6
Nxe6 13.Be3 Kb8 14.Bc4 Bf6 15.f4 c6 16.f5 Nc7 17.Qf2 a6 18.g4
Qe7 19.Rhe1 Be5 20.Qf3 d5 21.Bf1 f6 22.Bg1 c5 23.Qf2 d4 24.cxd4
Rxd4 25.Qf3 Rb4 26.c3 Rb6 27.Qe3 Nb5 28.Ka1 Rc6 29.Rd5 Rhc8 30.h3
Qc7 31.Bg2 Rd6 32.Red1 Rxd5 33.Rxd5 Rd8 34.Qxc5 Qxc5 35.Rxd8+
Qc8 36.Rxc8+ Kxc8 37.Kb1 Kc7 38.Kc2 b6 39.Kd3 Nd6 40.b3 h6 41.c4
b5 42.cxb5 axb5 43.a4 bxa4 44.bxa4 Kc8 45.a5 Nb7 46.a6 1-0

[Event "Moscow Open 2009"]
[Site "?"]
[Date "2009.02.07"]
[Round "8.49"]
[White "Gvanceladze, Anna"]
[Black "Niks, Yana"]
[Result "1-0"]
[WhiteElo "2070"]
[BlackElo "1885"]
[Annotator ""]
[Source ""]
[Remark ""]

1.e4 e5 2.Nf3 Nc6 3.Bb5 a6 4.Bxc6 dxc6 5.O-O Bg4 6.h3 h5 7.d3
Qf6 8.Be3 Bxf3 9.Qxf3 Qxf3 10.gxf3 Bd6 11.Nd2 Ne7 12.Rfb1 Ng6
13.Kf1 O-O-O 14.b4 b6 15.Nc4 Kb7 16.a4 Rhf8 17.Ke2 Rd7 18.Rb3
f6 19.Rg1 Nh4 20.Nxd6+ cxd6 21.c4 g5 22.a5 b5 23.Rc1 Rc8 24.Rbc3
Rdc7 25.Bb6 Rg7 26.cxb5 axb5 27.Be3 Rgc7 28.Bb6 Rg7 29.d4 exd4
30.Bxd4 Ng2 31.a6+ Kxa6 32.Ra1+ Kb7 33.Ra7+ 1-0

[Event "Moscow Open 2009"]
[Site "?"]
[Date "2009.02.07"]
[Round "8.50"]
[White "Maslova, Elena"]
[Black "Shangarayeva, Diana"]
[Result "1-0"]
[WhiteElo "2068"]
[BlackElo "1871"]
[Annotator ""]
[Source ""]
[Remark ""]

1.e4 c5 2.Nf3 Nc6 3.d4 cxd4 4.Nxd4 g6 5.Nc3 Bg7 6.Be3 Nf6 7.f3
O-O 8.Qd2 d5 9.Nxc6 bxc6 10.exd5 Nxd5 11.Bd4 e5 12.Bc5 Re8 13.O-O-O
Be6 14.Ne4 f5 15.Nd6 Re7 16.c4 Nb6 17.Nxf5 Rd7 18.Ne7+ Kh8 19.Qe1
Bxc4 20.Bxc4 Nxc4 21.Qh4 Nd6 22.Nxg6+ Kg8 23.Rxd6 Rxd6 24.Bxd6
Qxd6 25.Qc4+ Qd5 26.Ne7+ 1-0

[Event "Moscow Open 2009"]
[Site "?"]
[Date "2009.02.07"]
[Round "8.51"]
[White "Khropova, Larisa"]
[Black "Sorokina, Nadejda"]
[Result "1/2-1/2"]
[WhiteElo "2060"]
[BlackElo "1870"]
[Annotator ""]
[Source ""]
[Remark ""]

1.d4 d5 2.Nf3 Nf6 3.Bf4 e6 4.Nbd2 c5 5.c3 Nc6 6.e3 Bd6 7.Bxd6
Qxd6 8.Bb5 Bd7 9.O-O h6 10.Qe2 a6 11.Bd3 e5 12.dxe5 Nxe5 13.Nxe5
Qxe5 14.f4 Qe7 15.Rae1 Bc6 16.c4 dxc4 17.Nxc4 Nd7 18.e4 Bb5 19.e5
Bxc4 20.Bxc4 Nb6 21.e6 Kf8 22.Bb3 c4 23.Bc2 fxe6 24.Qf2 Nd5 25.Bf5
Nc7 26.Bxe6 Nxe6 27.f5 Qc5 28.fxe6+ Qxf2+ 29.Rxf2+ Kg8 30.g4
g5 31.Rf5 Rh7 32.a4 Re8 33.Re4 Rc7 34.Re3 Ree7 35.Kf2 Rc6 36.Rfe5
Kg7 37.Ke2 Kf6 38.Kd2 Rexe6 39.Rf5+ Kg6 40.Rxe6+ Rxe6 41.Rc5
Re4 42.h3 h5 43.gxh5+ Kxh5 44.Rc7 Kh4 45.Rh7+ Kg3 46.Kc3 b5 47.axb5
axb5 48.Kb4 Re5 49.Rh5 Kf4 50.Rh8 Ke4 51.Rh5 Kd4 52.Rh8 Kd3 53.Rf8
Re2 54.Rd8+ Kc2 55.Kxb5 Kb3 56.Rc8 Re5+ 57.Rc5 Re3 58.Rxg5 1/2-1/2

[Event "Moscow Open 2009"]
[Site "?"]
[Date "2009.02.07"]
[Round "8.52"]
[White "Saduakassova, Dinara"]
[Black "Baraeva, Marina"]
[Result "1/2-1/2"]
[WhiteElo "1850"]
[BlackElo "2009"]
[Annotator ""]
[Source ""]
[Remark ""]

1.d4 d5 2.Nf3 Nf6 3.c4 c6 4.e3 Bg4 5.Nbd2 e6 6.Bd3 Nbd7 7.h3
Bh5 8.Qc2 Bd6 9.O-O O-O 10.Rb1 Qe7 11.Re1 Rac8 12.b3 c5 13.Bb2
Bg6 14.Bxg6 hxg6 15.e4 dxe4 16.Nxe4 Nxe4 17.Qxe4 Nf6 18.Qh4 cxd4
19.Bxd4 Nh5 20.Qxe7 Bxe7 21.Red1 b6 22.Be3 Rfd8 23.Ne5 Nf6 24.Kf1
Ne4 25.Rxd8+ Bxd8 26.Rd1 Bf6 27.Ng4 Bb2 28.Rd7 Ra8 29.Bd4 Bxd4
30.Rxd4 Nc5 31.b4 Na6 32.a3 Rc8 33.Ne5 Nb8 34.Ke2 g5 35.Nd3 Kf8
36.c5 Ke7 37.f3 Nd7 38.Rc4 bxc5 39.bxc5 Rc6 40.Kd2 e5 41.Nb4
Rc8 42.c6 Nb6 43.Rc5 Kd6 44.Rb5 Nc4+ 45.Kd3 Nb2+ 46.Ke4 Nc4 47.Rd5+
Ke6 48.Rc5 f5+ 49.Kd3 Nb6 50.Rd5 Rc7 51.Kc3 g6 52.Kb3 Nc8 53.Ka4
Nd6 54.Rc5 e4 55.fxe4 Nxe4 56.Rc1 1/2-1/2

[Event "Moscow Open 2009"]
[Site "?"]
[Date "2009.02.07"]
[Round "8.53"]
[White "Anu, Bayar"]
[Black "Beliaeva, Natalia"]
[Result "1-0"]
[WhiteElo "1830"]
[BlackElo "2004"]
[Annotator ""]
[Source ""]
[Remark ""]

1.e4 c6 2.d4 d6 3.g3 Nf6 4.Bg2 Qc7 5.Ne2 e5 6.O-O Be7 7.c4 O-O
8.Nbc3 Bg4 9.Qc2 Nbd7 10.Be3 a5 11.a4 Bh5 12.h3 Bg6 13.f4 exf4
14.gxf4 h6 15.f5 Bh7 16.Nf4 Kh8 17.Kh1 Rg8 18.Bf3 Rae8 19.Rg1
Bf8 20.Rg3 Bxf5 21.exf5 Rxe3 22.Qd2 Re7 23.Rag1 Qc8 24.b3 Qe8
25.Nce2 Ne4 26.Bxe4 Rxe4 27.Nc3 Re7 28.Nh5 f6 29.Nf4 Kh7 30.Ng6
Rf7 31.Re3 Qd8 32.Qe2 Qb6 33.Rd3 Qc7 34.Qh5 Nb6 35.Nf4 Re7 36.Ne6
Qd7 37.Re3 Qe8 38.Rg6 Nc8 39.Qg4 Qf7 40.Rg3 Rd7 41.Qh5 d5 42.c5
b6 43.Ne2 bxc5 44.dxc5 Qe7 45.Qg4 Rb7 46.Rxh6+ 1-0

[Event "Moscow Open 2009"]
[Site "?"]
[Date "2009.02.07"]
[Round "8.54"]
[White "Dogodkina, Julia"]
[Black "Chukhlantseva, Anna"]
[Result "1-0"]
[WhiteElo "2003"]
[BlackElo "1842"]
[Annotator ""]
[Source ""]
[Remark ""]

1.e4 c5 2.Nf3 e6 3.d4 cxd4 4.Nxd4 a6 5.Bd3 Bc5 6.Nb3 Ba7 7.O-O
Qc7 8.Nc3 Nf6 9.a4 d6 10.Kh1 O-O 11.f4 Nbd7 12.Qf3 Nc5 13.Nxc5
Bxc5 14.g4 Bd7 15.g5 Ne8 16.Bd2 Bc6 17.Rab1 Rc8 18.b4 Bd4 19.Ne2
Ba7 20.b5 axb5 21.axb5 Bd7 22.c4 e5 23.f5 f6 24.h4 Qd8 25.Nc3
Nc7 26.b6 Bxb6 27.Rxb6 Nb5 28.Rxb5 Bxb5 29.Nxb5 1-0

[Event "Moscow Open 2009"]
[Site "?"]
[Date "2009.02.07"]
[Round "8.55"]
[White "Blokhina, Elvira"]
[Black "Vasiukova, Ekaterina"]
[Result "1-0"]
[WhiteElo "1996"]
[BlackElo "1762"]
[Annotator ""]
[Source ""]
[Remark ""]

1.d4 Nf6 2.c4 e6 3.Nc3 d5 4.Bg5 c6 5.Nf3 Nbd7 6.Rc1 dxc4 7.e4
Qa5 8.e5 Nd5 9.Bxc4 Bb4 10.Qb3 O-O 11.O-O Nxc3 12.bxc3 Ba3 13.Rcd1
Re8 14.Nd2 Nb6 15.Bd3 h6 16.Be3 Qa4 17.Qb1 Nd5 18.Ne4 Qa5 19.Bd2
Qd8 20.c4 f5 21.exf6 Nxf6 22.Nxf6+ Qxf6 23.Bc3 Bd6 24.Rfe1 Rf8
25.Qc2 Qh4 26.g3 Qg5 27.c5 Bc7 28.Bc4 Re8 29.d5 cxd5 30.Bxd5
Kh8 31.Bb3 e5 32.Qe4 Qf5 33.Qe2 Qg4 34.f3 Qf5 35.Bc2 Qf8 36.Qe4
Qg8 37.g4 Bd8 38.Rd5 Bf6 39.Qg6 Be6 40.Rdxe5 Bf7 41.Qf5 Bxe5
42.Rxe5 Rxe5 43.Bxe5 Re8 44.g5 Re6 45.gxh6 Rxh6 46.Qg5 Rh5 47.Qf4
Qe8 48.Bc3 Kg8 49.Kf2 Bxa2 50.Qg3 Qf8 51.Bd4 Bd5 52.f4 Bf7 53.f5
Bd5 54.f6 g5 55.Qe5 Bf7 56.Kg3 Qh6 57.Qb8+ Qf8 58.Qxb7 a5 59.c6
Qd6+ 60.Kf3 Qf4+ 61.Ke2 Bc4+ 62.Kd1 Qf1+ 63.Kd2 Rxh2+ 64.Kc3
Rh3+ 65.Kb2 Rh7 66.Bxh7+ Kf8 67.Qe7# 1-0